000 00737nam a22002417a 4500
008 130909b xxu||||| |||| 00| 0 eng d
020 _a81-219-0667-9
024 _cAvailable
037 _cAvailable
040 _aMBSTU LIBRARY
_dMBSTU LIBRARY
082 _222
_a621.31245
100 _aTewari, K.K.
245 _aElectricity and magnetism.
260 _aNew Delhi
_bS Chand and Company.
_c2001
300 _a21 cm.
_b776 page
_f1
_g21 cm.
600 _2Magnetothtdrodynamic generation.
650 _2Magnetothtdrodynamic generation.
700 _aTewari, K.K.
270 _aNew Delhi
_bNew Delhi
_dIndia
365 _b159.00
_d159.00
942 _2ddc
_cBK
999 _c657
_d657